Loading...
| Science - Chemistry | 0 | 4 | 0 | 2 | 40 | 49 | 91.50 | 1 | 2 | 6.55 | 20.45 |
| Science - Biology | 0 | 5 | 3 | 0 | 35 | 47 | 65.40 | 0 | 4 | 18.88 | 32.95 |
| Science - Other | 0 | 3 | 0 | 0 | 30 | 61 | 97.33 | 0 | 1 | 5.26 | 12.50 |
| History - European | 0 | 2 | 0 | 1 | 20 | 76 | 98.00 | 0 | 0 | 4.04 | 6.82 |
| Philosophy | 0 | 1 | 0 | 0 | 10 | 98 | 98.00 | 0 | 0 | 1.79 | 4.55 |
| Popular Culture | 0 | 1 | 0 | 0 | 10 | 61 | 61.00 | 0 | 1 | 19.50 | 25.00 |
| Religion | 0 | 1 | 0 | 0 | 10 | 93 | 93.00 | 0 | 1 | 1.26 | 6.82 |
| Social Science | 0 | 1 | 0 | 0 | 10 | 87 | 87.00 | 0 | 1 | 2.66 | 6.82 |
| Fine Arts - Other | 0 | 1 | 0 | 0 | 10 | 136 | 136.00 | 0 | 1 | 0.13 | 5.68 |
| Literature - British | 0 | 1 | 0 | 0 | 10 | 74 | 74.00 | 0 | 1 | 4.22 | 7.95 |
| Mythology | 0 | 1 | 0 | 0 | 10 | 88 | 88.00 | 0 | 0 | 3.25 | 4.55 |
| Current Events | 0 | 1 | 0 | 1 | 10 | 109 | 109.00 | 0 | 0 | 7.75 | 6.25 |
| Other Academic | 0 | 0 | 1 | 0 | -5 | 0.00 | 0 | 0 | 0.00 | 0.00 |